000 00641nas a2200229 4500
001 BR9104322
003 BR-BrBNA
005 20231205092157.0
007 ta
008 230509b bl.|||p| |||| 00| 00por d
040 _aBR-BrBNA
_bpor
_cBiblioteca Nacional de Agricultura
041 _a(Pt)
072 _aQ01; Q02
100 1 _aAnon.
245 1 _aUva-passa: no Nordeste, esta ideia esta caindo de madura
650 _aPASSA
650 _aUVA
650 _aTECNOLOGIA DE ALIMENTO
773 0 _tGranja (Brazil)
_xISSN 0367-505X
_g(1991), no. 6 p. 70-71
_wBR9104322
909 _a202311
_bLúcia
_c55
_dLúcia Elande
942 _2AGRIS
_n0
_cANA
999 _c129875
_d129875